000
00251nam a2200097Ia 4500
008
120527s9999 xx 000 0 und d
100
_a
Major,R.H
245
_a
Classic descriptions of diseases 3rd ed.
260
_b
Charles and Thomas Pub.
942
_c
BK
999
_c
19704
_d
19704